[Event "2ème Open International de Haute-Bretagn"]
[Site "RENNES - FRANCE"]
[Date "2009.07.19"]
[Round "6.6"]
[White "Piankov, Evgenij"]
[Black "Jolly, Jean-Francois"]
[Result "1/2-1/2"]
[WhiteElo "2356"]
[BlackElo "2366"]
[PlyCount "61"]
[EventDate "2009.??.??"]

1. d4 Nf6 2. Nf3 e6 3. Bg5 h6 4. Bh4 d6 5. Nc3 g5 6. Bg3 Nh5 7. e3 Nxg3 8. hxg3
Bg7 9. Bd3 Nd7 10. Ne4 d5 11. Ned2 e5 12. Nxe5 Nxe5 13. dxe5 Bxe5 14. c3 Be6
15. Nf3 Bg7 16. Nd4 Qf6 17. g4 O-O-O 18. Qf3 c5 19. Nf5 Bxf5 20. Qxf5+ Qxf5 21.
Bxf5+ Kc7 22. O-O-O b5 23. Kb1 a5 24. Rd2 Rd6 25. Rhd1 Rhd8 26. g3 Kc6 27. f4
c4 28. Kc2 Kc5 29. Rh2 Re8 30. Re1 b4 31. Rd2 1/2-1/2

[Event "2ème Open International de Haute-Bretagn"]
[Site "RENNES - FRANCE"]
[Date "2009.07.19"]
[Round "6.2"]
[White "Sriram, Jha"]
[Black "Pozuelo, Jose"]
[Result "1-0"]
[WhiteElo "2459"]
[BlackElo "2080"]
[PlyCount "95"]
[EventDate "2009.??.??"]

1. d4 Nf6 2. c4 g6 3. Nc3 Bg7 4. e4 d6 5. f3 O-O 6. Be3 e5 7. Nge2 Nc6 8. Qd2
a6 9. d5 Ne7 10. g3 Nd7 11. Bg2 f5 12. O-O Kh8 13. b4 Nf6 14. Kh1 h5 15. h3 Bd7
16. Rac1 Neg8 17. c5 Kh7 18. Bg5 Bh6 19. h4 Qe7 20. Nd1 Rac8 21. Nf2 Qg7 22.
Nc3 fxe4 23. Ncxe4 Nxe4 24. Nxe4 Nf6 25. Bxf6 Rxf6 26. Nxf6+ Qxf6 27. f4 exf4
28. Qc3 Qf5 29. Rce1 Rf8 30. Re7+ Rf7 31. cxd6 cxd6 32. Rxf7+ Qxf7 33. gxf4 Bb5
34. Rf2 Qe7 35. Qg3 Bg7 36. Rf3 Bd4 37. f5 Qf6 38. fxg6+ Qxg6 39. Qxg6+ Kxg6
40. Bf1 Bd7 41. Rf8 Bf5 42. Rd8 Bb1 43. Rxd6+ Kf5 44. a4 Bc2 45. a5 Kg4 46. Re6
Kxh4 47. d6 Bf5 48. d7 1-0

[Event "2ème Open International de Haute-Bretagn"]
[Site "RENNES - FRANCE"]
[Date "2009.07.19"]
[Round "6.4"]
[White "Fomichenko, Eduard"]
[Black "Andonov, Bogomil"]
[Result "1-0"]
[WhiteElo "2512"]
[BlackElo "2311"]
[PlyCount "53"]
[EventDate "2009.??.??"]

1. Nf3 d6 2. d4 Bg4 3. c4 Bxf3 4. exf3 e6 5. Qb3 Qc8 6. Nc3 Nf6 7. Be2 Be7 8.
O-O c6 9. d5 cxd5 10. cxd5 O-O 11. Re1 Qd7 12. Bf4 Nxd5 13. Nxd5 exd5 14. Qxd5
Nc6 15. Rad1 Rfd8 16. Bd3 g6 17. Bc4 Bf8 18. Re2 Rac8 19. a3 a6 20. h4 b5 21.
Ba2 Na5 22. h5 Nc4 23. Bb1 Bg7 24. hxg6 hxg6 25. Bxg6 Nxb2 26. Rde1 Re8 27.
Bxf7+ 1-0

[Event "2ème Open International de Haute-Bretagn"]
[Site "RENNES - FRANCE"]
[Date "2009.07.19"]
[Round "6.8"]
[White "Palacios-Aguilar, Diego-Andre"]
[Black "Okhotnik, Vladimir"]
[Result "0-1"]
[WhiteElo "1894"]
[BlackElo "2449"]
[PlyCount "83"]
[EventDate "2009.??.??"]

1. e4 c5 2. c3 g6 3. d4 Bg7 4. dxc5 Qc7 5. Be3 Nf6 6. Nd2 O-O 7. Bd3 Na6 8.
Bxa6 bxa6 9. f3 Rb8 10. Qc2 a5 11. Rb1 Ba6 12. c4 Nh5 13. Ne2 Be5 14. g3 f5 15.
exf5 gxf5 16. a3 Bb7 17. Bf2 Bg7 18. O-O Bc6 19. b4 e5 20. b5 Ba8 21. Nc3 Nf6
22. Qd3 Rbe8 23. Rfe1 Re6 24. Nd5 Qb7 25. c6 dxc6 26. Qxf5 Ree8 27. Nxf6+ Rxf6
28. Qh5 Rd8 29. Ne4 Rh6 30. Qg5 Rf8 31. Nc5 Qf7 32. b6 axb6 33. Rxb6 Qxf3 34.
Qe3 Qh5 35. h4 Qg4 36. Qg5 Qh3 37. Rb3 Rg6 38. Qe7 Rxf2 39. Kxf2 Qh2+ 40. Ke3
Rxg3+ 41. Ke4 Qg2+ 42. Kf5 0-1

[Event "2ème Open International de Haute-Bretagn"]
[Site "RENNES - FRANCE"]
[Date "2009.07.19"]
[Round "6.9"]
[White "Sanvoisin, Corentin"]
[Black "Terrieux, Kevin"]
[Result "0-1"]
[WhiteElo "1855"]
[BlackElo "2442"]
[PlyCount "112"]
[EventDate "2009.??.??"]

1. e4 c5 2. c3 Nf6 3. e5 Nd5 4. d4 cxd4 5. cxd4 d6 6. Nf3 Nc6 7. Bc4 Nb6 8. Bb5
dxe5 9. Nxe5 Bd7 10. Nxd7 Qxd7 11. Nc3 e6 12. O-O a6 13. Bxc6 Qxc6 14. Re1 Rd8
15. Bg5 Be7 16. Bxe7 Kxe7 17. Qg4 Kf8 18. Rad1 h6 19. Qh5 Kg8 20. d5 Nxd5 21.
Nxd5 Rxd5 22. Rxd5 exd5 23. Rd1 Kh7 24. Qf5+ Qg6 25. Qxd5 b5 26. h4 Re8 27. h5
Qf6 28. b3 Kg8 29. Qd6 Qf5 30. Qxa6 Qxh5 31. Rc1 Kh7 32. Qd6 f5 33. Qd7 b4 34.
Qd2 Re4 35. Rc4 Re2 36. Qxb4 Rxa2 37. Rc1 Re2 38. Qf4 Re4 39. Qd2 Rh4 40. f3
Rh1+ 41. Kf2 Qh4+ 42. Ke2 Qg3 43. Kd3 Rxc1 44. Qxc1 Qxg2 45. Qf4 Qf1+ 46. Kc3
Qe1+ 47. Kc4 Qe6+ 48. Kc5 Qxb3 49. Qxf5+ Kh8 50. Qf8+ Qg8 51. Qxg8+ Kxg8 52.
Kd5 Kf7 53. Ke5 Kg6 54. Kf4 h5 55. Kg3 Kg5 56. Kf2 Kf4 0-1

[Event "2ème Open International de Haute-Bretagn"]
[Site "RENNES - FRANCE"]
[Date "2009.07.19"]
[Round "6.10"]
[White "Dobrev, Nanko"]
[Black "Graton, Tanguy"]
[Result "1-0"]
[WhiteElo "2352"]
[BlackElo "1870"]
[PlyCount "55"]
[EventDate "2009.??.??"]

1. e4 e6 2. c4 c5 3. Nf3 Nc6 4. Nc3 Nf6 5. h3 d6 6. d4 cxd4 7. Nxd4 Be7 8. Be2
O-O 9. O-O a6 10. Be3 Qc7 11. Rc1 b6 12. Nd5 exd5 13. cxd5 Nxe4 14. dxc6 Bf6
15. Bf3 Re8 16. b4 b5 17. Re1 d5 18. Qd3 Bxd4 19. Qxd4 Be6 20. Red1 Rac8 21.
Rc2 Bf5 22. Qxd5 Re5 23. Qd4 Ng5 24. Bxg5 Bxc2 25. Bd8 Re1+ 26. Rxe1 Qxd8 27.
Qxd8+ Rxd8 28. c7 1-0

[Event "2ème Open International de Haute-Bretagn"]
[Site "RENNES - FRANCE"]
[Date "2009.07.19"]
[Round "6.11"]
[White "Mandon, Fabrice"]
[Black "Dupitier, Mickael"]
[Result "1-0"]
[WhiteElo "2251"]
[BlackElo "1864"]
[PlyCount "31"]
[EventDate "2009.??.??"]

1. e4 c6 2. d4 d5 3. e5 Bf5 4. Nf3 e6 5. Be2 h6 6. O-O c5 7. Be3 Qb6 8. b3 Nc6
9. Nc3 Qa5 10. Nb5 a6 11. Nd6+ Bxd6 12. exd6 cxd4 13. Nxd4 Nxd4 14. Qxd4 Nf6
15. c4 O-O 16. Bxh6 1-0

[Event "2ème Open International de Haute-Bretagn"]
[Site "RENNES - FRANCE"]
[Date "2009.07.19"]
[Round "6.12"]
[White "Siclet, Mathieu"]
[Black "Fomichenko, Svetlana"]
[Result "0-1"]
[WhiteElo "1816"]
[BlackElo "2245"]
[PlyCount "48"]
[EventDate "2009.??.??"]

1. e4 c5 2. Nf3 Nc6 3. d4 cxd4 4. Nxd4 e5 5. Nb5 d6 6. a4 Be7 7. N1c3 a6 8. Na3
Be6 9. Nc4 h6 10. Be3 Nf6 11. Nb6 Rb8 12. Nbd5 O-O 13. Nxf6+ Bxf6 14. Nd5 Bxd5
15. exd5 Ne7 16. c4 e4 17. Rb1 Nf5 18. Qd2 Nh4 19. Rg1 Be5 20. h3 f5 21. Be2
Bh2 22. Kf1 f4 23. Bd4 Bxg1 24. Kxg1 Qg5 0-1

[Event "2ème Open International de Haute-Bretagn"]
[Site "RENNES - FRANCE"]
[Date "2009.07.19"]
[Round "6.13"]
[White "Crouan, Stephane"]
[Black "Le Bail, Arielle"]
[Result "1-0"]
[WhiteElo "2234"]
[BlackElo "1847"]
[PlyCount "65"]
[EventDate "2009.??.??"]

1. e4 e6 2. d3 c5 3. g3 Nc6 4. Bg2 g6 5. c3 Bg7 6. Nd2 d6 7. Ne2 e5 8. O-O Nge7
9. a3 a5 10. a4 O-O 11. f4 Kh8 12. Nc4 Be6 13. Ne3 f5 14. Nd5 Na7 15. Kh1 Bg8
16. Be3 Nxd5 17. exd5 Qe7 18. Qd2 b5 19. fxe5 dxe5 20. axb5 Nxb5 21. c4 Nd4 22.
Bxd4 exd4 23. d6 Qxd6 24. Bxa8 Rxa8 25. Rxa5 Rxa5 26. Qxa5 Be6 27. Nf4 Bc8 28.
Qa8 Qd7 29. Re1 Bf8 30. Kg1 g5 31. Nd5 Kg7 32. Nb6 Bb7 33. Qxf8+ 1-0

[Event "2ème Open International de Haute-Bretagn"]
[Site "RENNES - FRANCE"]
[Date "2009.07.19"]
[Round "6.14"]
[White "Dubessay, Bastien"]
[Black "Taube, Gregor"]
[Result "0-1"]
[WhiteElo "2168"]
[BlackElo "1835"]
[PlyCount "92"]
[EventDate "2009.??.??"]

1. d4 Nf6 2. c4 g6 3. Nc3 d5 4. cxd5 Nxd5 5. e4 Nxc3 6. bxc3 Bg7 7. Bc4 c5 8.
Ne2 Nc6 9. Be3 O-O 10. O-O Bd7 11. Rb1 a6 12. dxc5 Qc7 13. Nd4 Rfd8 14. Qc2
Rac8 15. Rfd1 Ne5 16. Bd5 Rb8 17. h3 e6 18. c4 exd5 19. cxd5 Be8 20. f4 Nd7 21.
Rbc1 Rbc8 22. Nb3 Nb8 23. Qf2 Ba4 24. g4 Bf8 25. g5 Nd7 26. d6 Qc6 27. Rd5 Bxb3
28. axb3 Re8 29. Qf3 Bg7 30. Kg2 Rcd8 31. Bd2 Rf8 32. h4 f6 33. b4 fxg5 34.
hxg5 Rf7 35. Rh1 Rdf8 36. Qh3 Bh8 37. Kg3 Qa4 38. Qe6 Qb3+ 39. Kg2 a5 40. f5
axb4 41. fxg6 Qf3+ 42. Kh2 hxg6 43. Qxg6+ Bg7 44. Qe6 Be5+ 45. Rxe5 Nxe5 46.
Be1 Ng4+ 0-1

[Event "2ème Open International de Haute-Bretagn"]
[Site "RENNES - FRANCE"]
[Date "2009.07.19"]
[Round "6.15"]
[White "Allorant, Adrien"]
[Black "Assedo, Johaquim"]
[Result "1/2-1/2"]
[WhiteElo "2072"]
[BlackElo "1823"]
[PlyCount "39"]
[EventDate "2009.??.??"]

1. e4 c5 2. Nf3 Nc6 3. Nc3 d6 4. Bb5 Bg4 5. h3 Bh5 6. O-O a6 7. Bxc6+ bxc6 8.
Qe2 e5 9. d3 Nf6 10. Nd1 Be7 11. Ne3 O-O 12. Nf5 Bg6 13. Nxe7+ Qxe7 14. Nd2 Nd7
15. g4 f6 16. Rd1 Bf7 17. Nf1 d5 18. Ne3 Be6 19. Nf5 Bxf5 20. exf5 1/2-1/2

[Event "2ème Open International de Haute-Bretagn"]
[Site "RENNES - FRANCE"]
[Date "2009.07.19"]
[Round "6.16"]
[White "Melloul, Claude"]
[Black "Mevel, Mael"]
[Result "1/2-1/2"]
[WhiteElo "2019"]
[BlackElo "1800"]
[PlyCount "40"]
[EventDate "2009.??.??"]

1. e4 c5 2. Nf3 d6 3. d4 cxd4 4. Nxd4 Nf6 5. Nc3 a6 6. Bg5 e6 7. f4 Qb6 8. a3
Nc6 9. Nb3 Be7 10. Qf3 h6 11. Bh4 Qc7 12. O-O-O g5 13. fxg5 Ne5 14. Qf2 Nfg4
15. Qe1 hxg5 16. Bg3 Qb6 17. Nd4 Nc6 18. Nxc6 Qxc6 19. Bd3 Qc5 20. Kb1 b5
1/2-1/2

[Event "2ème Open International de Haute-Bretagn"]
[Site "RENNES - FRANCE"]
[Date "2009.07.19"]
[Round "6.17"]
[White "Schmouchkovitch, Michel"]
[Black "Caillot, Arnaud"]
[Result "1/2-1/2"]
[WhiteElo "1996"]
[BlackElo "1698"]
[PlyCount "54"]
[EventDate "2009.??.??"]

1. d4 d5 2. Nf3 Nf6 3. e3 e6 4. Bd3 c5 5. b3 Nc6 6. O-O Be7 7. Bb2 O-O 8. Nbd2
b6 9. Ne5 Bb7 10. f4 g6 11. a3 Rc8 12. Qf3 a6 13. Qh3 cxd4 14. exd4 Kg7 15.
Rae1 Qd6 16. g4 Rce8 17. g5 Ng8 18. Ng4 f5 19. Ne5 Nxe5 20. Rxe5 h5 21. Rfe1
Bd8 22. Qg3 Bc7 23. Nf3 Kf7 24. R5e2 Qxf4 25. Qxf4 Bxf4 26. a4 Bd6 27. Ne5+ {
(=)} Bxe5 1/2-1/2

[Event "2ème Open International de Haute-Bretagn"]
[Site "RENNES - FRANCE"]
[Date "2009.07.19"]
[Round "6.18"]
[White "Legras, Sebastien"]
[Black "Le Goff, Damien"]
[Result "0-1"]
[WhiteElo "1700"]
[BlackElo "2270"]
[PlyCount "44"]
[EventDate "2009.??.??"]

1. d4 e6 2. Nf3 Nf6 3. e3 g6 4. Bd3 Bg7 5. O-O O-O 6. b3 d6 7. c4 Nc6 8. Nc3 a5
9. Bb2 e5 10. dxe5 dxe5 11. Be2 e4 12. Nd4 Nb4 13. a3 Na6 14. Qc2 c6 15. Rfd1
Qe7 16. Qb1 Re8 17. b4 axb4 18. axb4 Qxb4 19. Qa2 Bg4 20. Bxg4 Nxg4 21. Nce2
Qe7 22. Qb1 Qh4 0-1

[Event "2ème Open International de Haute-Bretagn"]
[Site "RENNES - FRANCE"]
[Date "2009.07.19"]
[Round "6.19"]
[White "Suez-Panama, Gilles"]
[Black "Le Marec, Simon"]
[Result "0-1"]
[WhiteElo "2122"]
[BlackElo "2064"]
[PlyCount "94"]
[EventDate "2009.??.??"]

1. d4 Nf6 2. Nf3 e6 3. c4 c5 4. d5 b5 5. Bg5 Qa5+ 6. Nc3 Ne4 7. Bd2 Nxd2 8.
Nxd2 b4 9. Nb3 Qb6 10. Na4 Qc7 11. e4 d6 12. Nd2 e5 13. Bd3 g6 14. O-O Bg7 15.
a3 Na6 16. Bc2 O-O 17. Qe2 Bd7 18. b3 Bh6 19. Nb2 bxa3 20. Rxa3 Nb4 21. Nb1 f5
22. Nc3 a6 23. Rfa1 Rae8 24. Nd3 Bc8 25. Ra5 Nxd3 26. Bxd3 Bf4 27. R5a4 Qg7 28.
g3 Bg5 29. b4 cxb4 30. Rxb4 f4 31. c5 dxc5 32. Rba4 Qh6 33. d6 fxg3 34. Bc4+
Kh8 35. fxg3 Be3+ 36. Kh1 Rf2 37. h4 Rxe2 38. Bxe2 g5 39. d7 Bxd7 40. Rxa6 Qg7
41. Ra8 gxh4 42. g4 Qf8 43. Rxe8 Bxe8 44. Rf1 Qh6 45. Nd5 Bg6 46. Bf3 Bd4 47.
Ne7 Qf4 0-1

[Event "2ème Open International de Haute-Bretagn"]
[Site "RENNES - FRANCE"]
[Date "2009.07.19"]
[Round "6.20"]
[White "Jouneau, Quentin"]
[Black "Theon, Pierre"]
[Result "0-1"]
[WhiteElo "2007"]
[BlackElo "2121"]
[PlyCount "84"]
[EventDate "2009.??.??"]

1. e4 c5 2. Nf3 Nc6 3. d4 cxd4 4. Nxd4 Nf6 5. Nc3 e5 6. Ndb5 d6 7. Nd5 Nxd5 8.
exd5 Nb8 9. c4 a6 10. Nc3 Be7 11. Be2 O-O 12. O-O Nd7 13. Be3 f5 14. f3 Bg5 15.
Bf2 Qf6 16. Qc2 Qh6 17. Bd3 e4 18. fxe4 f4 19. Be2 Ne5 20. Bd4 f3 21. Bxf3 Bf4
22. Bxe5 Qxh2+ 23. Kf2 Qg3+ 24. Ke2 Bxe5 25. Kd3 b5 26. c5 dxc5 27. Qf2 c4+ 28.
Kc2 Qg6 29. a3 Bd7 30. Qc5 Bd6 31. Qe3 a5 32. a4 b4 33. Ne2 Rac8 34. b3 Be5 35.
Rac1 Qe8 36. Kb1 c3 37. Nd4 Bxa4 38. bxa4 Qxa4 39. Bd1 Qa3 40. Rxf8+ Rxf8 41.
Rc2 b3 42. Re2 Rf1 0-1

[Event "2ème Open International de Haute-Bretagn"]
[Site "RENNES - FRANCE"]
[Date "2009.07.19"]
[Round "6.21"]
[White "Caroff, Frederic"]
[Black "Geffroy, Leo"]
[Result "0-1"]
[WhiteElo "2119"]
[BlackElo "1662"]
[PlyCount "138"]
[EventDate "2009.??.??"]

1. e4 c5 2. c3 d5 3. exd5 Qxd5 4. d4 e6 5. Nf3 Nf6 6. Na3 a6 7. Nc4 Nbd7 8. Be3
b5 9. Ncd2 cxd4 10. Bxd4 Bb7 11. c4 bxc4 12. Bxc4 Qf5 13. O-O Bd6 14. Qb3 Bc6
15. Bd3 Qd5 16. Qc2 Bb5 17. Bxb5 axb5 18. Rfe1 O-O 19. Nb3 Rfc8 20. Qe2 Qc6 21.
Rac1 Qa6 22. a3 Nd5 23. Ng5 N7f6 24. Bxf6 gxf6 25. Nf3 Rxc1 26. Rxc1 b4 27. Qe4
bxa3 28. bxa3 Qxa3 29. Nfd2 f5 30. Qh4 Bf4 31. Ra1 Qf8 32. Rxa8 Qxa8 33. Nf1
Qb8 34. Nd4 Qe5 {(=)} 35. Qd8+ Kg7 36. Nf3 Qf6 37. Qd7 Qe7 38. Qa4 Qd6 39. g3
Be5 40. Qh4 Bf6 41. Qh5 h6 42. Ne1 Qb4 43. Ng2 Qg4 44. Qxg4+ fxg4 45. Nfe3 Nxe3
46. Nxe3 h5 47. Kg2 Bd4 48. Nc4 Kg6 49. f3 gxf3+ 50. Kxf3 f5 51. h3 Kg5 52. Nd2
Bc3 53. Nf1 e5 54. Ne3 Bd2 55. Nd5 Be1 56. Ne3 e4+ 57. Kg2 Bxg3 58. Kxg3 f4+
59. Kf2 fxe3+ 60. Kxe3 Kf5 61. Kf2 h4 62. Ke3 Ke5 63. Ke2 Kf4 64. Kf2 e3+ 65.
Ke2 Ke4 66. Ke1 Kf3 67. Kf1 Kg3 68. Ke2 Kxh3 69. Kxe3 Kg2 0-1

[Event "2ème Open International de Haute-Bretagn"]
[Site "RENNES - FRANCE"]
[Date "2009.07.19"]
[Round "6.24"]
[White "Aubry, Yannis"]
[Black "Djendeb, Mohand"]
[Result "1-0"]
[WhiteElo "1954"]
[BlackElo "1845"]
[PlyCount "63"]
[EventDate "2009.??.??"]

1. e4 e5 2. d4 exd4 3. Qxd4 Nc6 4. Qe3 Nf6 5. Nc3 Bb4 6. Bd2 d6 7. O-O-O O-O 8.
Bc4 Be6 9. Bxe6 fxe6 10. Qh3 Qe8 11. f3 Rd8 12. Nge2 e5 13. g4 Qf7 14. Kb1 a5
15. Ng3 Nd4 16. Nf5 Nxf5 17. exf5 Bxc3 18. Bxc3 Nd5 19. Bd2 Nb4 20. b3 d5 21.
Rhe1 Qf6 22. Qg3 Rfe8 23. h4 Rd7 24. Bc3 Qc6 25. Rxe5 Rde7 26. f4 Qc5 27. g5
Nc6 28. Rdxd5 Qb6 29. Rxe7 Rxe7 30. Be5 a4 31. f6 Re8 32. g6 1-0

[Event "2ème Open International de Haute-Bretagn"]
[Site "RENNES - FRANCE"]
[Date "2009.07.19"]
[Round "6.1"]
[White "Song, Julien"]
[Black "Le Roux, Jean-Pierre"]
[Result "1/2-1/2"]
[WhiteElo "2319"]
[BlackElo "2485"]
[PlyCount "126"]
[EventDate "2009.??.??"]

1. d4 Nf6 2. c4 g6 3. Nc3 d5 4. Bg5 Ne4 5. Bh4 Nxc3 6. bxc3 dxc4 7. e3 Bg7 8.
Bxc4 c5 9. Nf3 O-O 10. O-O a6 11. Qe2 Nc6 12. Rfd1 Qe8 13. dxc5 Bd7 14. Rab1
Na5 15. Bd5 Ba4 16. Rdc1 Qd7 17. c4 Rac8 18. Qd2 Rxc5 19. Bxb7 Qe6 20. Bd5 Nxc4
21. Bxe6 Nxd2 22. Nxd2 Rxc1+ 23. Rxc1 fxe6 24. Bxe7 Rb8 25. Ba3 Rd8 26. Nf3 h6
27. h4 Rd3 28. Rc8+ Kf7 29. Rc7+ Kg8 30. Bb4 Bb5 31. Kh2 Bf6 32. Be7 Bg7 33.
Bc5 e5 34. e4 Bd7 35. Ra7 Bb5 36. a4 Bxa4 37. Rxa6 Be8 38. Bd6 Bd7 39. Bc7 Rc3
40. Bd6 Rd3 41. Bxe5 Rxf3 42. Bxg7 Rxf2 43. Rxg6 Kf7 44. Rd6 Be8 45. Bxh6 Re2
46. Rd4 Bc6 47. Bg5 Bxe4 48. Rd2 Rxd2 49. Bxd2 Kg6 50. g4 Bf3 51. Kg3 Bd1 52.
Kf4 Be2 53. Kg3 Bd1 54. h5+ Kh7 55. Kh4 Be2 56. Kg5 Bd1 57. Kh4 Be2 58. g5 Bd3
59. Kg3 Kg7 60. Bc3+ Kf7 61. Kf4 Bc2 62. g6+ Bxg6 63. hxg6+ Kxg6 1/2-1/2

[Event "2ème Open International de Haute-Bretagn"]
[Site "RENNES - FRANCE"]
[Date "2009.07.19"]
[Round "6.3"]
[White "Foisor, Cristina-Adela"]
[Black "Milchev, Nikolay"]
[Result "1-0"]
[WhiteElo "2424"]
[BlackElo "2351"]
[PlyCount "111"]
[EventDate "2009.??.??"]

1. Nf3 c5 2. g3 g6 3. Bg2 Bg7 4. c4 Nc6 5. Nc3 e5 6. a3 Nge7 7. Rb1 a5 8. d3 d6
9. Nd2 Be6 10. Nf1 d5 11. cxd5 Nxd5 12. Ne4 a4 13. Bd2 b6 14. Ng5 Bc8 15. Ne3
Nde7 16. b4 cxb4 17. Bxb4 Ra7 18. O-O h6 19. Ne4 O-O 20. Nc3 Nxb4 21. Rxb4 Bd7
22. Qb1 e4 23. Nxe4 b5 24. Nc5 Be8 25. d4 Nc8 26. Rd1 Nd6 27. Ne4 h5 28. Qd3
Kh7 29. Rc1 Nxe4 30. Bxe4 f5 31. Bf3 f4 32. Ng2 fxg3 33. hxg3 Rf5 34. Be4 Rg5
35. Nf4 Ra6 36. Rc5 Bf8 37. Rxg5 Qxg5 38. Rb1 Rf6 39. Nd5 Rd6 40. Nc7 Bd7 41.
Nxb5 Rf6 42. Nc3 h4 43. Nd5 Rf7 44. f4 Qg4 45. Rb6 Bf5 46. Bxf5 Rxf5 47. Nf6+
Rxf6 48. Rxf6 Bg7 49. Rd6 Bf8 50. Ra6 hxg3 51. Qf3 Qd7 52. Qe4 Qg4 53. Rxa4 Bg7
54. Qh1+ Kg8 55. Ra8+ Kf7 56. Qd5+ 1-0

[Event "2ème Open International de Haute-Bretagn"]
[Site "RENNES - FRANCE"]
[Date "2009.07.19"]
[Round "6.7"]
[White "Foisor, Sabina-Francesca"]
[Black "Collier, Timothy"]
[Result "1/2-1/2"]
[WhiteElo "2304"]
[BlackElo "1920"]
[PlyCount "119"]
[EventDate "2009.??.??"]

1. d4 d6 2. c4 e5 3. Nf3 e4 4. Ng5 f5 5. Nc3 Be7 6. Nh3 Nf6 7. g3 c6 8. f3 d5
9. Nf2 O-O 10. fxe4 fxe4 11. Bg2 Be6 12. O-O Qd7 13. Bg5 Na6 14. a3 Rf7 15.
cxd5 cxd5 16. Qa4 h6 17. Qxd7 Nxd7 18. Bxe7 Rxe7 19. Rac1 Nb6 20. b3 Rc7 21.
Nb5 Rxc1 22. Rxc1 Rc8 23. Rxc8+ Nxc8 24. Nd1 Kf7 25. Kf2 Ke7 26. Ke3 g5 27. h4
Nd6 28. Nxd6 Kxd6 29. Nf2 Nc7 30. Bh3 Bxh3 31. Nxh3 Ne6 32. b4 a6 33. Nf2 Ng7
34. g4 Ne6 35. h5 b5 36. Nh1 Ng7 37. Ng3 Ke6 38. Kf2 Ke7 39. Nf1 Kd6 40. Nd2
Ne6 41. Nb3 Nc7 42. Nc5 Kc6 43. Ke3 Kd6 44. Nb7+ Kd7 45. Kd2 Ke7 46. Na5 Kd6
47. Nb3 Kc6 48. Na1 Kd6 49. Nc2 Ne6 50. Kc3 Kc6 51. Ne3 Ng7 52. a4 Kd6 53. Kd2
Kc6 54. a5 Kd6 55. Nd1 Ne6 56. e3 Nc7 57. Nf2 Ne6 58. Ke2 Ng7 59. Nh3 Ne6 60.
Kf2 1/2-1/2

[Event "2ème Open International de Haute-Bretagn"]
[Site "RENNES - FRANCE"]
[Date "2009.07.19"]
[Round "6.26"]
[White "Primault, Loic"]
[Black "Castel, Efflam"]
[Result "0-1"]
[WhiteElo "1591"]
[BlackElo "1927"]
[PlyCount "76"]
[EventDate "2009.??.??"]

1. d4 Nf6 2. c4 c5 3. d5 b5 4. Nf3 d6 5. Nbd2 b4 6. a3 bxa3 7. bxa3 g6 8. e4
Bg7 9. Bb2 Nbd7 10. Bd3 O-O 11. O-O Rb8 12. Rb1 e6 13. Qc2 e5 14. Ba1 Nb6 15.
Rb2 Nxe4 16. Rbb1 Nxd2 17. Nxd2 Bd7 18. f4 f5 19. fxe5 dxe5 20. Qc1 e4 21. Bxg7
Kxg7 22. Be2 Qg5 23. Qc3+ Kg8 24. Nb3 Na4 25. Qc1 Qxc1 26. Rfxc1 g5 27. Bd1 f4
28. h3 Bf5 29. Bg4 Bxg4 30. hxg4 e3 31. Kf1 Rb6 32. Na5 Rfb8 33. Rxb6 Rxb6 34.
Rd1 Nc3 35. Rc1 Ne4 36. Ke2 Rb2+ 37. Kd3 Nd6 38. Nc6 Rd2+ 0-1